Las ocho leyendas /

Bibliographic Details
Main Author: Hrotsvitha, approximately 935-approximately 975 (Author)
Corporate Author: JSTOR (Organization)
Other Authors: Astey V., Luis, 1921- (Translator)
Format: eBook
Language:Spanish
Published: México, D.F. : El Colegio de México, 1999.
Edition:Primera edición.
Subjects:
Online Access:Connect to the full text of this electronic book

MARC

Tag First Indicator Second Indicator Subfields
LEADER 00000cam a2200000 i 4500
001 in00004635581
006 m o d
007 cr cnu---unuuu
008 180926s1999 mx o 000 p spa d
005 20230103223509.5
035 |a (OCoLC)on1054246020 
040 |a JSTOR  |b eng  |e rda  |e pn  |c JSTOR  |d ICN  |d OCLCF  |d LOA  |d U3W  |d SOI  |d ERL  |d TXR  |d P@U  |d OCLCQ  |d SFB  |d OCLCO  |d OCLCQ  |d OCLCO 
020 |a 9786076287934 
020 |a 6076287934 
020 |z 9789681209230 
035 |a (OCoLC)1054246020 
037 |a 22573/ctv47cjv2  |b JSTOR 
041 1 |a spa  |h lat 
050 4 |a PA8340 
082 0 4 |a 872/.03  |2 23 
049 |a TXAM 
100 0 |a Hrotsvitha,  |d approximately 935-approximately 975,  |e author. 
240 1 0 |a Works.  |k Selections.  |l Spanish 
245 1 4 |a Las ocho leyendas /  |c Hrotsvitha de Gandersheim ; traducción de Luis Astey V. ; semblanza, Gabriel Astey W. ; presentación, Mauricio Beuchot. 
250 |a Primera edición. 
264 1 |a México, D.F. :  |b El Colegio de México,  |c 1999. 
300 |a 1 online resource 
336 |a text  |b txt  |2 rdacontent 
337 |a computer  |b c  |2 rdamedia 
338 |a online resource  |b cr  |2 rdacarrier 
347 |a data file 
380 |a Poetry 
500 |a Poetry. 
588 0 |a PDF (JSTOR, viewed September 26, 2018). 
600 0 0 |a Hrotsvitha,  |d approximately 935-approximately 975  |v Translations into Spanish. 
600 0 7 |a Hrotsvitha,  |d approximately 935-approximately 975.  |2 fast  |0 (OCoLC)fst01824831 
650 0 |a Legends. 
650 6 |a Légendes. 
650 7 |a Legends.  |2 fast  |0 (OCoLC)fst00995592 
655 7 |a Electronic books.  |2 local 
655 7 |a Translations.  |2 fast  |0 (OCoLC)fst01423791 
700 1 |a Astey V., Luis,  |d 1921-  |e translator. 
710 2 |a JSTOR (Organization) 
856 4 0 |u https://www.jstor.org/stable/10.2307/j.ctv47w4qz  |z Connect to the full text of this electronic book  |t 0 
955 |a JSTOR Open Access ebooks 
994 |a 92  |b TXA 
999 f f |s 9696c323-490b-469f-a1f2-c2ff95ec2af7  |i cd8d728e-d870-4dfe-8c02-0e2670f28669  |t 0 
952 f f |a Texas A&M University  |b College Station  |c Electronic Resources  |d Available Online  |t 0  |e PA8340   |h Library of Congress classification 
998 f f |a PA8340   |t 0  |l Available Online